书目信息 |
| 题名: |
吸附式制冷理论与应用
|
|
| 作者: | 王如竹 , 王丽伟 , 吴静怡 著 | |
| 分册: | ||
| 出版信息: | 北京 科学出版社 2007.09 |
|
| 页数: | 427页 | |
| 开本: | 26cm | |
| 丛书名: | ||
| 单 册: | ||
| 中图分类: | TB66 | |
| 科图分类: | ||
| 主题词: | 吸附制冷--xi fu zhi leng--制冷技术 | |
| 电子资源: | ||
| ISBN: | 978-7-03-019886-0 | |
| 000 | 01038nam0 2200265 450 | |
| 001 | 012008791265 | |
| 005 | 20080512115829.00 | |
| 010 | @a978-7-03-019886-0@b精装@dCNY60.00 | |
| 100 | @a20080511d2007 em y0chiy0120 ea | |
| 101 | 0 | @achi |
| 102 | @aCN@b110000 | |
| 105 | @aak a 000yy | |
| 106 | @ar | |
| 200 | 1 | @a吸附式制冷理论与应用@Axi fu shi zhi leng li lun yu ying yong@f王如竹, 王丽伟, 吴静怡著@Fwang ru zhu,wang li wei,wu jing yi zhu |
| 210 | @a北京@c科学出版社@d2007.09 | |
| 215 | @a427页@c图@d26cm | |
| 320 | @a有书目 (第426-427页) | |
| 330 | @a本书内容涵盖了物理、化学和复合吸附方面的基础、理论及应用研究,给出了不同工况条件下吸附制冷工质对的吸附解吸特性与传热传质特性,分析与总结了不同吸附工质对的动力学特性、不同先进循环的优缺点及其理论、先进的吸附床设计理论。 | |
| 606 | 0 | @a吸附制冷@Axi fu zhi leng@x制冷技术 |
| 690 | @aTB66@v4 | |
| 701 | 0 | @a王如竹@Awang ru zhu@4著 |
| 701 | 0 | @a王丽伟@Awang li wei@4著 |
| 701 | 0 | @a吴静怡@Awu jing yi@4著 |
| 801 | 0 | @aCN@bQSSK@c20080512 |
| 905 | @b711004-05@dTB66@eW329@f2 | |
| 吸附式制冷理论与应用/王如竹, 王丽伟, 吴静怡著.-北京:科学出版社,2007.09 |
| 427页:图;26cm |
| ISBN 978-7-03-019886-0(精装):CNY60.00 |
| 本书内容涵盖了物理、化学和复合吸附方面的基础、理论及应用研究,给出了不同工况条件下吸附制冷工质对的吸附解吸特性与传热传质特性,分析与总结了不同吸附工质对的动力学特性、不同先进循环的优缺点及其理论、先进的吸附床设计理论。 |
| ● |
| 相关链接 |
|
|
|
正题名:吸附式制冷理论与应用
索取号:TB66/W329
 
预约/预借
| 序号 | 登录号 | 条形码 | 馆藏地/架位号 | 状态 | 备注 |
| 1 | 711004 | 207110044 | 自科库501/501自科库 18排4列5层/ [索取号:TB66/W329] | 在馆 | |
| 2 | 711005 | 207110053 | 期刊室512/501自科库 18排4列5层/ [索取号:TB66/W329] | 在馆 |